| 000 | 00729nac a22001811u 4500 | ||
|---|---|---|---|
| 008 | 100913t xxu||||| |||| 00| 0 eng d | ||
| 010 | _a 2004044342 | ||
| 020 | _a0131433873 (casebound) | ||
| 082 |
_a624.1820 _bMAR |
||
| 100 |
_aMarotta, Theodore W. _918902 |
||
| 245 | 1 | 0 |
_aBasic Construction Materials / _cTheodore W. Marotta. |
| 250 | _a7th ed. | ||
| 260 |
_aUpper Saddle River, NJ : _bPearson Prentice Hall, _c2005. |
||
| 300 |
_ax, 598 p. : _bill. ; _c24 cm. |
||
| 650 | 0 |
_aBuilding materials. _918903 |
|
| 942 |
_cBB _k624.1820MAR _2ddc |
||
| 999 |
_c2527 _d2527 |
||